[Event "Shenzhen Hou Yifan-Ponomariov blitz"]
[Site "Shenzhen"]
[Date "2018.07.07"]
[Round "9"]
[White "Ponomariov, Ruslan"]
[Black "Hou, Yifan"]
[Result "1-0"]
[WhiteElo "2686"]
[BlackElo "2658"]
[PlyCount "93"]
[EventDate "2018.07.07"]
[EventType "match (blitz)"]
[EventRounds "10"]
[EventCountry "CHN"]
[SourceTitle "CBM 185"]
[Source "ChessBase"]
[SourceDate "2018.07.13"]
[SourceVersion "1"]
[SourceVersionDate "2018.07.13"]
[SourceQuality "1"]

1. d4 Nf6 2. Nf3 b6 3. g3 Bb7 4. Bg2 g6 5. O-O Bg7 6. c4 e6 7. Nc3 O-O 8. d5
exd5 9. cxd5 Re8 10. Nd4 c5 11. Ndb5 d6 12. Bf4 Bf8 13. a4 a6 14. Na3 Nh5 15.
Bd2 Nd7 16. e4 Ne5 17. Qe2 Nf6 18. f4 Ned7 19. Qf3 b5 20. axb5 axb5 21. Naxb5
Rxa1 22. Rxa1 Qb6 23. Bf1 Nxe4 24. Nxe4 c4+ 25. Qe3 Qxb5 26. Nxd6 Qxd5 27. Qxe8
Qxd6 28. Be3 Nf6 29. Qb5 Qe7 30. Qe5 Qd7 31. Qxf6 Qd5 32. Qd4 Qh1+ 33. Kf2
Qxh2+ 34. Ke1 Qxg3+ 35. Bf2 Bb4+ 36. Kd1 Qf3+ 37. Kc1 h5 38. Ra4 Bf8 39. Rxc4
Bg7 40. Qe3 Qd5 41. Rc7 Kh7 42. Bc4 Qh1+ 43. Kc2 Be4+ 44. Bd3 Bd5 45. f5 Qg2
46. fxg6+ fxg6 47. Qd4 1-0

[Event "Shenzhen Hou Yifan-Ponomariov blitz"]
[Site "Shenzhen"]
[Date "2018.07.07"]
[Round "10"]
[White "Hou, Yifan"]
[Black "Ponomariov, Ruslan"]
[Result "1/2-1/2"]
[WhiteElo "2658"]
[BlackElo "2686"]
[PlyCount "128"]
[EventDate "2018.07.07"]
[EventType "match (blitz)"]
[EventRounds "10"]
[EventCountry "CHN"]
[SourceTitle "CBM 185"]
[Source "ChessBase"]
[SourceDate "2018.07.13"]
[SourceVersion "1"]
[SourceVersionDate "2018.07.13"]
[SourceQuality "1"]

1. e4 e5 2. Nf3 Nc6 3. Bb5 Nf6 4. d3 Bc5 5. c3 d5 6. Nbd2 dxe4 7. dxe4 O-O 8.
O-O Qe7 9. b4 Bd6 10. Bb2 Nd8 11. Qe2 c6 12. Ba4 Ne6 13. g3 Bc7 14. Bb3 h6 15.
h4 Rd8 16. Rfd1 a5 17. a3 b5 18. Nf1 Rxd1 19. Rxd1 g6 20. Bc1 h5 21. Ng5 axb4
22. axb4 Nh7 23. Nxh7 Kxh7 24. Ne3 Ng7 25. Kg2 Be6 26. Qc2 Rd8 27. Nf1 Bxb3 28.
Qxb3 Qe6 29. Qc2 Rxd1 30. Qxd1 Qe7 31. Bg5 f6 32. Be3 Ne6 33. Nd2 Qd7 34. Qe2
Kg7 35. Nb3 Bd8 36. c4 Be7 37. c5 Nd8 38. Na5 Kf7 39. Qa2+ Qe6 40. Qd2 Ke8 41.
Qd3 Qa2 42. Qb3 Qxb3 43. Nxb3 Ne6 44. Kf3 f5 45. Bd2 Bd8 46. Bc3 Bc7 47. Nc1
Nd8 48. Nd3 Nf7 49. Ke3 Ke7 50. exf5 gxf5 51. f4 e4 52. Nc1 Nd8 53. Ne2 Ne6 54.
Bb2 Kf7 55. Bc3 Bd8 56. Nc1 Nc7 57. Nb3 Ne6 58. Bb2 Ke7 59. Be5 Kd7 60. Ke2 Ke8
61. Ke3 Kd7 62. Ke2 Ke8 63. Ke3 Kd7 64. Ke2 Ke8 1/2-1/2

[Event "ESP-chT CECLUB Honor"]
[Site "Linares"]
[Date "2018.08.08"]
[Round "3.2"]
[White "Adhiban, Baskaran"]
[Black "Ponomariov, Ruslan"]
[Result "1/2-1/2"]
[WhiteElo "2671"]
[BlackElo "2686"]
[Annotator "Adhiban,B"]
[PlyCount "69"]
[EventDate "2018.08.06"]
[EventType "team-tourn"]
[EventRounds "7"]
[EventCountry "ESP"]
[SourceTitle "CBM 186"]
[Source "ChessBase"]
[SourceDate "2018.09.14"]
[SourceVersion "1"]
[SourceVersionDate "2018.09.14"]
[SourceQuality "1"]
[WhiteTeam "Solvay"]
[BlackTeam "Beniajan Duochess CAC"]
[WhiteTeamCountry "ESP"]
[BlackTeamCountry "ESP"]

1. d4 Nf6 2. c4 c5 {This was a surprise.} 3. d5 g6 {The surprise story
continues...} 4. Nc3 Bg7 5. e4 d6 6. h3 O-O 7. Nf3 (7. Bd3 e6 {is the same.})
7... e6 8. Bd3 Na6 $5 {An interesting system advocated by Minasian where the
emphasis is on the strengths of the players rather than than depth of
preparation!} 9. Be3 ({The computer prefers} 9. O-O Nc7 $5 (9... Re8 10. Bf4 e5
11. Bg5 h6 12. Be3 Nh5 13. a3 Nf4 14. Bc2) (9... e5 {I wasn't sure about this
as the queenside is sufficiently closed and the move h3 weakens my kingside
and it might be possible to prepare an attack.} 10. a3) 10. dxe6 {is a
decision I didn't want to make.} (10. a4 e5 {followed by ...Nh5 and a kingside
assault!} 11. g4 h5 12. Nh2 hxg4 13. hxg4 Nh7 {[%cal Gg7f6,Gf6g5]}) (10. Re1 e5
11. a3 Nh5 12. b4 b6 {[%cal Gf7f5]}) (10. a3 Rb8) 10... Nxe6 11. Be3 Nd7 {
(Bareev-Topalov 2015) with a fine game for Black.}) ({Possibly the most
critical continuation is} 9. Bg5 $5 h6 10. Be3 Nc7 11. Qd2 $1 {This is the key
difference compared to the main game.} Kh7 (11... exd5 12. cxd5 Kh7 13. a4 {
(Bareev-Damljanovic 1990) with a superior position for White/}) 12. e5 dxe5 13.
Bxc5 Re8 14. d6 Na6 15. Ba3 Nd7 16. O-O (16. Bc2 f5 17. Ba4 (17. O-O-O) 17...
Rf8) 16... f5 17. Rfe1 $14 {Inviting Black to win a piece!}) 9... Re8 10. O-O
Nc7 11. a4 {Not finding a satisfactory way to defend against ...b5 and at the
same time be ready for e5, I decided to allow Na6-b4.} (11. Qd2 exd5 12. exd5
b5 $1 13. cxb5 (13. Bg5 b4 $5 (13... bxc4 14. Bxc4 {and Black's situation is
slightly tricky as he can't untangle from the pin easily.})) 13... Nfxd5 14.
Nxd5 Nxd5 15. Be4 Rxe4 16. Qxd5 Bf5 {holds the fort.}) 11... Na6 12. Nd2 ({
More human would be} 12. Rc1 $5 Nb4 13. Bb1 b6 14. Qd2 {looks quite nice for
White.}) 12... Nb4 13. Be2 (13. Bb1 $5 {I wasn't sure if the bishop would have
a useful role, but possibly this was better than the game continuation.}) 13...
b6 $1 {Aimed against e5. Here I started to feel a bit unpleasant as I wasn't
sure which plan to embark on!} 14. Qb3 $5 {Following the oldest saying, "When
you don't know what to do connect your rooks!"} a6 15. Rae1 {Now that they
hsvr been connected, it was time for phase 2: Activate the rooks!} Ra7 $1 {
Pono is not lagging behind and follows the same idea!} 16. Qd1 $1 {Job done!}
Rae7 17. Qb1 $1 {Now I have prevented any possible exchange on e4 (like in
Karjakin-Caruana 2014) and also restrict the strong knight on b4.} Qc7 18. Bf4
$5 {Slowly improving my piece positions and also fighting against the centre
control and preventing ...exd5 which will be met by cxd5 followed by Nc4.} e5 {
I surprised to see that he was the one who made the ultimate decision to close
the position.} 19. Be3 (19. Bh2 Bh6 $1 20. f4 exf4 21. Bxf4 (21. Rxf4 $5 Bxf4
22. Bxf4 Nd7 {the compensation wouldn't be sufficient.}) 21... Bxf4 22. Rxf4
Nd7 23. Nf3 Ne5 24. Nxe5 Rxe5 {followed by f5 and Black should be fine.}) 19...
Nd7 ({I liked} 19... Kh8 $5 {[%cal Gf6g8] followed by Ng8-Bh6 which would be
the ideal way to prepare ...f5.}) 20. Bg4 {I was hoping to exploit ...Nd7...} (
{The most ideal way was} 20. Kh2 Rf8 21. g4 {.I should have just gone for this!
}) 20... Rf8 (20... h5 21. Bd1 {was my idea as now f5 would be almost
impossible due to the many weakness on the kingside.}) 21. Kh1 {Neither of us
had much time left to make the time control, hence just enjoy the craziness
which continued!} Ree8 22. Be2 {I had to accept that Bg4 was indeed a silly
idea.} Qd8 (22... f5 23. exf5 gxf5 24. Bh5 Re7 25. Bg5 Nf6 26. Bd1 {[%cal
Gf2f4,Gg2g4] and since all my pieces are aiming at the kingside... thing's
aren't so bad!}) 23. Nf3 ({Again I rejected} 23. g4 $5 {in view of} f5 (23...
Qh4 24. Kh2 {with Nf3 next.}) 24. exf5 gxf5 25. gxf5 Qh4 {looked dangerous but.
..} 26. Bg4 {[%cal Gd2f3] followed by Nf3 looks fine for White.}) 23... Kh8 24.
Bg5 f6 25. Bh4 {Continuing to fight against ...f5 with pieces.} Bh6 $1 {
A typical idea in this type of structure.} 26. Nh2 Bd2 $1 {Always useful to
disorganise the rook a bit!} 27. Rd1 (27. Bg4 Bxe1 28. Rxe1 Nb8 $1 {and White
doesn't get this Be6.} (28... h5 29. Be6 g5 30. Qd1 $1 {is the point as d1 is
vacant for the queen compared to the game continuation.})) 27... Bf4 28. Bg4 $2
{For the love of God! Not again...} ({It was high time for} 28. g4 $5) 28... h5
$1 29. Bxd7 (29. Be6 {was my intention; it fails to} Bxh2 30. Kxh2 g5 {[%csl
Rh4]}) 29... Bxd7 30. Bg3 f5 {Black is clearly superior and only a miracle can
save White...} 31. Bxf4 exf4 32. Rfe1 ({Another possibility was} 32. Nf3 g5 (
32... fxe4 33. Nxe4 Bf5 34. Rfe1) 33. h4 gxh4 {doesn't work here.}) 32... g5
33. Qc1 Qf6 34. h4 $1 {This caught him by surprise and he didn't go for the
best continuation, I felt I might actually have a chance to win this!} g4 {
After this those thoughts dropped again!} ({Sometimes being greedy is the best
way!} 34... gxh4 $1 35. Qxf4 Nc2 36. Re2 Nd4 {with a much better version than
what he got in the game.} 37. Ree1 fxe4 38. Qxf6+ Rxf6 39. Nxe4 Rf4 40. Nxd6
Rxe1+ 41. Rxe1 Rxf2 $17) (34... Rg8 $5 35. Nf3 gxh4 36. Qxf4 Rg4 {was another
strong idea.}) 35. Qxf4 {I offered a draw knowing that I can't really hope to
win here and also I had less time (never had this issue before :)).} ({One
sample line} 35. Qxf4 Nc2 36. Re2 Nd4 37. Ree1 fxe4 38. Qxf6+ Rxf6 39. Nxe4 Rf4
40. Nxd6 Rxe1+ 41. Rxe1 Rxf2 42. Nf1 Nc2 43. Rc1) 1/2-1/2

[Event "Olympiad-43"]
[Site "Batumi"]
[Date "2018.09.26"]
[Round "3.12"]
[White "Ponomariov, Ruslan"]
[Black "Deac, Bogdan Daniel"]
[Result "1/2-1/2"]
[WhiteElo "2681"]
[BlackElo "2594"]
[PlyCount "93"]
[EventDate "2018.09.24"]
[EventType "team-swiss"]
[EventRounds "11"]
[EventCountry "GEO"]
[SourceTitle "CBM 187"]
[Source "ChessBase"]
[SourceDate "2018.12.11"]
[SourceVersion "1"]
[SourceVersionDate "2018.12.11"]
[SourceQuality "1"]
[WhiteTeam "Ukraine"]
[BlackTeam "Romania"]
[WhiteTeamCountry "UKR"]
[BlackTeamCountry "ROU"]

1. d4 Nf6 2. c4 e6 3. Nc3 Bb4 4. e3 O-O 5. Nge2 c6 6. a3 Ba5 7. c5 d5 8. cxd6
Qxd6 9. b4 Bc7 10. g3 e5 11. Bg2 Be6 12. Qc2 Nbd7 13. O-O a6 14. Bb2 Qe7 15.
Na4 Bg4 16. dxe5 Bxe5 17. Bxe5 Nxe5 18. Nd4 Rae8 19. Nc5 Bc8 20. Rae1 Nfd7 21.
Ncb3 Nb6 22. Na5 Qf6 23. h3 Qg6 24. Qxg6 hxg6 25. Rc1 g5 26. Rfd1 Rd8 27. f4
gxf4 28. exf4 Ng6 29. Kf2 Na4 30. h4 Ne7 31. Bf3 Nb2 32. Rd2 Nf5 33. Nab3 Nxd4
34. Nxd4 Bf5 35. Rxb2 Rxd4 36. Re1 Be6 37. Rd1 Rxd1 38. Bxd1 Rd8 39. Be2 Kf8
40. g4 f5 41. g5 Rd4 42. Kg3 Bd5 43. a4 Re4 44. h5 Re3+ 45. Kf2 Re4 46. Kg3
Re3+ 47. Kf2 1/2-1/2

[Event "Olympiad-43"]
[Site "Batumi"]
[Date "2018.10.05"]
[Round "11.4"]
[White "Michalik, Peter"]
[Black "Ponomariov, Ruslan"]
[Result "1-0"]
[WhiteElo "2556"]
[BlackElo "2681"]
[PlyCount "179"]
[EventDate "2018.09.24"]
[EventType "team-swiss"]
[EventRounds "11"]
[EventCountry "GEO"]
[SourceTitle "CBM 187"]
[Source "ChessBase"]
[SourceDate "2018.12.11"]
[SourceVersion "1"]
[SourceVersionDate "2018.12.11"]
[SourceQuality "1"]
[WhiteTeam "Czech Republic"]
[BlackTeam "Ukraine"]
[WhiteTeamCountry "CZE"]
[BlackTeamCountry "UKR"]

1. d4 Nf6 2. c4 e6 3. g3 c5 4. Nf3 cxd4 5. Nxd4 d5 6. Bg2 e5 7. Nf3 d4 8. O-O
Nc6 9. e3 Be7 10. exd4 exd4 11. Bf4 O-O 12. Re1 Qb6 13. Qb3 Bb4 14. Nbd2 Nh5
15. a3 Nxf4 16. gxf4 Bxd2 17. Qxb6 axb6 18. Nxd2 Rd8 19. Bd5 Kf8 20. Nb3 Ne7
21. Rad1 Nxd5 22. Rxd4 Be6 23. Red1 Ra4 24. cxd5 Rxd4 25. Nxd4 Rxd5 26. Nxe6+
fxe6 27. Rc1 Ke7 28. Rc7+ Rd7 29. Rc8 Kf6 30. Rf8+ Rf7 31. Re8 Re7 32. Rh8 Kf5
33. Rxh7 Rd7 34. Kg2 Kxf4 35. h4 b5 36. h5 Rd5 37. Rxg7 Rxh5 38. Rxb7 Ke4 39.
Rb6 Re5 40. Rd6 Rg5+ 41. Kf1 Re5 42. b3 Kf3 43. a4 bxa4 44. Rd3+ Kf4 45. bxa4
Ra5 46. Ra3 Ke4 47. Ke2 Kd4 48. Kf3 Kc5 49. Kg4 Kc6 50. Ra2 Kd6 51. Kf4 Kc6 52.
Ke4 Kd6 53. Kd4 Kc6 54. Kc4 Kb6 55. Kb4 Rf5 56. a5+ Ka6 57. Kc4 Rd5 58. Kc3 Rd8
59. Kb4 Rd5 60. Kc4 Rd8 61. Kc5 Rd5+ 62. Kc6 Rd4 63. Ra3 Rf4 64. f3 Rd4 65. Kc5
Rd5+ 66. Kc4 Rd6 67. Rd3 Rc6+ 68. Kb4 e5 69. Re3 Rf6 70. Kc5 Rf8 71. Ra3 Rd8
72. Re3 Rf8 73. Kd5 Kxa5 74. Kxe5 Kb5 75. f4 Re8+ 76. Kd4 Rf8 77. Ke4 Kc5 78.
Rd3 Re8+ 79. Kf3 Rf8 80. Rd1 Kc6 81. Kg4 Rg8+ 82. Kf5 Rf8+ 83. Kg5 Rg8+ 84. Kh6
Rf8 85. Rf1 Kd7 86. Kg7 Rf5 87. Kg6 Ra5 88. Re1 Ra6+ 89. Kf7 Ra5 90. Rd1+ 1-0

[Event "CZE-chT 1819"]
[Site "Czech Republic"]
[Date "2018.12.01"]
[Round "3.2"]
[White "Nguyen, Thai Dai Van"]
[Black "Ponomariov, Ruslan"]
[Result "1/2-1/2"]
[WhiteElo "2556"]
[BlackElo "2681"]
[PlyCount "36"]
[EventDate "2018.11.03"]
[EventType "team-tourn"]
[EventRounds "11"]
[EventCountry "CZE"]
[SourceTitle "CBM 187 Extra"]
[Source "ChessBase"]
[SourceDate "2018.11.04"]
[SourceVersion "1"]
[SourceVersionDate "2018.11.04"]
[SourceQuality "1"]
[WhiteTeam "Unichess"]
[BlackTeam "Lysa nad Labem"]
[WhiteTeamCountry "CZE"]
[BlackTeamCountry "CZE"]

1. e4 e5 2. Nf3 Nc6 3. Bb5 a6 4. Ba4 Nf6 5. O-O Be7 6. Re1 d6 7. Bxc6+ bxc6 8.
d4 Nd7 9. dxe5 Nxe5 10. Nxe5 dxe5 11. Qxd8+ Kxd8 12. Nc3 Bd7 13. Rd1 Kc8 14.
Be3 f5 15. f3 f4 16. Bf2 g5 17. Na4 g4 18. Nc5 Bxc5 1/2-1/2

[Event "CZE-chT 1819"]
[Site "Czech Republic"]
[Date "2018.12.02"]
[Round "4.1"]
[White "Ponomariov, Ruslan"]
[Black "Vitiugov, Nikita"]
[Result "1-0"]
[WhiteElo "2681"]
[BlackElo "2709"]
[PlyCount "89"]
[EventDate "2018.11.03"]
[EventType "team-tourn"]
[EventRounds "11"]
[EventCountry "CZE"]
[SourceTitle "CBM 187 Extra"]
[Source "ChessBase"]
[SourceDate "2018.11.04"]
[SourceVersion "1"]
[SourceVersionDate "2018.11.04"]
[SourceQuality "1"]
[WhiteTeam "Lysa nad Labem"]
[BlackTeam "Novoborsky"]
[WhiteTeamCountry "CZE"]
[BlackTeamCountry "CZE"]

1. d4 d5 2. c4 c6 3. Nf3 Nf6 4. e3 Bg4 5. h3 Bf5 6. cxd5 cxd5 7. Qb3 Qc7 8. Bd2
Nc6 9. Bb5 e6 10. O-O Bd6 11. Bb4 O-O 12. Bxc6 bxc6 13. Nbd2 Bxb4 14. Qxb4 Rab8
15. Qa3 Qb6 16. b3 Nd7 17. Rfc1 Rfc8 18. Rc3 Qb4 19. Qxb4 Rxb4 20. a3 Rb6 21.
b4 a5 22. bxa5 Rb5 23. Rac1 Rxa5 24. Rxc6 Rxc6 25. Rxc6 Rxa3 26. g4 Bd3 27. Ne5
Nf8 28. Rc8 Bb5 29. Rb8 f6 30. Rxb5 fxe5 31. dxe5 Ng6 32. Rb8+ Kf7 33. Rb7+ Kg8
34. Nf3 h6 35. Kg2 Ra4 36. Nd4 Ra6 37. f4 Nh4+ 38. Kf1 g6 39. Rc7 Ra3 40. Kf2
Ra2+ 41. Rc2 Ra6 42. Kg3 g5 43. f5 Ra3 44. Kf2 exf5 45. gxf5 1-0

[Event "CZE-chT 1819"]
[Site "Czech Republic"]
[Date "2019.01.13"]
[Round "6.2"]
[White "Matlakov, Maxim"]
[Black "Ponomariov, Ruslan"]
[Result "1/2-1/2"]
[WhiteElo "2683"]
[BlackElo "2681"]
[PlyCount "81"]
[EventDate "2018.11.03"]
[EventType "team-tourn"]
[EventRounds "11"]
[EventCountry "CZE"]
[SourceTitle "CBM 188 Extra"]
[Source "ChessBase"]
[SourceDate "2019.02.26"]
[SourceVersion "1"]
[SourceVersionDate "2019.02.26"]
[SourceQuality "1"]
[WhiteTeam "Pardubice"]
[BlackTeam "Lysa nad Labem"]
[WhiteTeamCountry "CZE"]
[BlackTeamCountry "CZE"]

1. Nf3 d5 2. e3 Nf6 3. c4 e6 4. b3 Be7 5. Bb2 O-O 6. Nc3 dxc4 7. bxc4 b6 8. Rg1
Bb7 9. g4 Ne4 10. Nxe4 Bxe4 11. d3 Bb4+ 12. Ke2 Bb7 13. Bg2 Bd6 14. g5 Nd7 15.
Nd2 Bxg2 16. Rxg2 e5 17. Ne4 f5 18. gxf6 Nxf6 19. Nxf6+ Qxf6 20. f4 Qe6 21. Rg5
h6 22. Rg2 g6 23. fxe5 Bxe5 24. d4 Qc6 25. Qg1 Qxc4+ 26. Kd2 g5 27. Qd1 c5 28.
Qb3 Qxb3 29. axb3 cxd4 30. exd4 Rad8 31. Ke3 Bb8 32. h4 Rde8+ 33. Kd3 Rf3+ 34.
Kc4 Rc8+ 35. Kd5 Rxb3 36. hxg5 Rb5+ 37. Ke6 Rc6+ 38. Kd7 Rc7+ 39. Ke6 Rc6+ 40.
Kd7 Rc7+ 41. Ke6 1/2-1/2

[Event "UKR-ch 87th"]
[Site "Kiev"]
[Date "2018.12.11"]
[Round "1"]
[White "Moiseenko, Alexander"]
[Black "Ponomariov, Ruslan"]
[Result "1/2-1/2"]
[WhiteElo "2640"]
[BlackElo "2663"]
[PlyCount "25"]
[EventDate "2018.12.11"]
[EventType "tourn"]
[EventRounds "9"]
[EventCountry "UKR"]
[EventCategory "15"]
[SourceTitle "CBM 187 Extra"]
[Source "ChessBase"]
[SourceDate "2018.11.04"]
[SourceVersion "1"]
[SourceVersionDate "2018.11.04"]
[SourceQuality "1"]

1. d4 d6 2. Nf3 g6 3. g3 Bg7 4. Bg2 e5 5. dxe5 dxe5 6. Qxd8+ Kxd8 7. Nc3 c6 8.
O-O Kc7 9. Rd1 Bg4 10. Be3 Bxf3 11. exf3 Nf6 12. f4 Nbd7 13. fxe5 1/2-1/2

[Event "UKR-ch 87th"]
[Site "Kiev"]
[Date "2018.12.12"]
[Round "2"]
[White "Ponomariov, Ruslan"]
[Black "Kovchan, Alexander"]
[Result "1/2-1/2"]
[WhiteElo "2663"]
[BlackElo "2575"]
[PlyCount "35"]
[EventDate "2018.12.11"]
[EventType "tourn"]
[EventRounds "9"]
[EventCountry "UKR"]
[EventCategory "15"]
[SourceTitle "CBM 187 Extra"]
[Source "ChessBase"]
[SourceDate "2018.11.04"]
[SourceVersion "1"]
[SourceVersionDate "2018.11.04"]
[SourceQuality "1"]

1. e4 c5 2. Nf3 d6 3. d4 cxd4 4. Nxd4 Nf6 5. Nc3 a6 6. Be2 e5 7. Nb3 Be7 8. Be3
Be6 9. h4 Nbd7 10. g4 h6 11. Rg1 Nh7 12. h5 Rc8 13. Qd2 O-O 14. O-O-O b5 15.
Kb1 Nb6 16. f4 exf4 17. Bxf4 Ng5 18. Bxg5 1/2-1/2

[Event "UKR-ch 87th"]
[Site "Kiev"]
[Date "2018.12.14"]
[Round "4"]
[White "Baklan, Vladimir"]
[Black "Ponomariov, Ruslan"]
[Result "1/2-1/2"]
[WhiteElo "2608"]
[BlackElo "2663"]
[PlyCount "79"]
[EventDate "2018.12.11"]
[EventType "tourn"]
[EventRounds "9"]
[EventCountry "UKR"]
[EventCategory "15"]
[SourceTitle "CBM 187 Extra"]
[Source "ChessBase"]
[SourceDate "2018.11.04"]
[SourceVersion "1"]
[SourceVersionDate "2018.11.04"]
[SourceQuality "1"]

1. e4 c5 2. Nf3 Nc6 3. Bb5 g6 4. Bxc6 dxc6 5. d3 Bg7 6. h3 Nf6 7. Bd2 Nd7 8.
Bc3 e5 9. a4 b6 10. Nbd2 f6 11. Ng1 Nf8 12. Ne2 Ne6 13. O-O O-O 14. Nc4 Nd4 15.
Bd2 Be6 16. Nxd4 cxd4 17. b3 Qd7 18. f4 b5 19. Na5 f5 20. exf5 Rxf5 21. Qe2 Bd5
22. g4 Rf7 23. fxe5 Re8 24. c4 dxc3 25. Bxc3 Rxf1+ 26. Rxf1 Qe7 27. d4 a6 28.
Qe3 bxa4 29. bxa4 Qa3 30. Ra1 Bh6 31. Qd3 Qe7 32. Nc4 Rf8 33. Rf1 Rxf1+ 34.
Qxf1 c5 35. Qd3 Qf7 36. Nd6 Qf4 37. dxc5 Qe3+ 38. Qxe3 Bxe3+ 39. Kf1 Bxc5 40.
Ke2 1/2-1/2

[Event "UKR-ch 87th"]
[Site "Kiev"]
[Date "2018.12.15"]
[Round "5"]
[White "Ponomariov, Ruslan"]
[Black "Kravtsiv, Martyn"]
[Result "1/2-1/2"]
[WhiteElo "2663"]
[BlackElo "2644"]
[PlyCount "52"]
[EventDate "2018.12.11"]
[EventType "tourn"]
[EventRounds "9"]
[EventCountry "UKR"]
[EventCategory "15"]
[SourceTitle "CBM 187 Extra"]
[Source "ChessBase"]
[SourceDate "2018.11.04"]
[SourceVersion "1"]
[SourceVersionDate "2018.11.04"]
[SourceQuality "1"]

1. d4 Nf6 2. c4 e6 3. Nc3 Bb4 4. g3 d5 5. Bg2 O-O 6. a3 Bxc3+ 7. bxc3 dxc4 8.
Qa4 Bd7 9. Qxc4 Bc6 10. f3 Qd7 11. Rb1 Bd5 12. Qd3 Qc6 13. Nh3 Nbd7 14. O-O e5
15. Qd2 e4 16. Nf4 Nb6 17. Nxd5 Nfxd5 18. fxe4 Nxc3 19. Rb2 Nxe4 20. Qc2 Rae8
21. Qxc6 bxc6 22. Rc2 Re6 23. Bf4 Rd8 24. Bxe4 Rxe4 25. Bxc7 Rdxd4 26. Bxb6
axb6 1/2-1/2

[Event "UKR-ch 87th"]
[Site "Kiev"]
[Date "2018.12.17"]
[Round "6"]
[White "Bernadskiy, Vitaliy"]
[Black "Ponomariov, Ruslan"]
[Result "0-1"]
[WhiteElo "2547"]
[BlackElo "2663"]
[PlyCount "68"]
[EventDate "2018.12.11"]
[EventType "tourn"]
[EventRounds "9"]
[EventCountry "UKR"]
[EventCategory "15"]
[SourceTitle "CBM 187 Extra"]
[Source "ChessBase"]
[SourceDate "2018.11.04"]
[SourceVersion "1"]
[SourceVersionDate "2018.11.04"]
[SourceQuality "1"]

1. e4 e5 2. Nf3 Nc6 3. Bb5 a6 4. Ba4 Nf6 5. O-O Be7 6. Re1 b5 7. Bb3 d6 8. c3
O-O 9. a4 b4 10. a5 Rb8 11. Bc4 Bb7 12. d4 bxc3 13. Nxc3 exd4 14. Nxd4 Ne5 15.
Bf1 Re8 16. f4 Ned7 17. g3 Bf8 18. Bg2 g6 19. Nb3 Ba8 20. Bd2 c5 21. Bc1 Qc7
22. Nd2 c4 23. Re2 Nc5 24. Nxc4 Ncxe4 25. Nxe4 Bxe4 26. Bxe4 Rxe4 27. Rxe4 Nxe4
28. Ne3 Rb5 29. Ra4 d5 30. Kg2 Qc6 31. Rd4 Bg7 32. Rxe4 dxe4 33. Qd8+ Bf8 34.
Ng4 e3+ 0-1

[Event "UKR-ch 87th"]
[Site "Kiev"]
[Date "2018.12.18"]
[Round "7"]
[White "Ponomariov, Ruslan"]
[Black "Bogdanovich, Stanislav"]
[Result "1-0"]
[WhiteElo "2663"]
[BlackElo "2537"]
[PlyCount "51"]
[EventDate "2018.12.11"]
[EventType "tourn"]
[EventRounds "9"]
[EventCountry "UKR"]
[EventCategory "15"]
[SourceTitle "CBM 187 Extra"]
[Source "ChessBase"]
[SourceDate "2018.11.04"]
[SourceVersion "1"]
[SourceVersionDate "2018.11.04"]
[SourceQuality "1"]

1. e4 c5 2. Nf3 Nf6 3. e5 Nd5 4. Nc3 Nxc3 5. dxc3 Nc6 6. Bd3 d6 7. exd6 Qxd6 8.
Be3 Bg4 9. h3 Bh5 10. Qe2 e6 11. O-O-O Qc7 12. g4 Bg6 13. Bxg6 hxg6 14. Qc4 Qa5
15. Ng5 Be7 16. Nxe6 fxe6 17. Qxe6 Kf8 18. a3 Re8 19. Rd5 Rd8 20. Rhd1 Rxh3 21.
Qxg6 Rxd5 22. Rxd5 Qc7 23. Qf5+ Ke8 24. g5 Rh1+ 25. Kd2 Bf8 26. Qe4+ 1-0

[Event "UKR-ch 87th"]
[Site "Kiev"]
[Date "2018.12.19"]
[Round "8"]
[White "Golubka, Petr"]
[Black "Ponomariov, Ruslan"]
[Result "1/2-1/2"]
[WhiteElo "2464"]
[BlackElo "2663"]
[PlyCount "90"]
[EventDate "2018.12.11"]
[EventType "tourn"]
[EventRounds "9"]
[EventCountry "UKR"]
[EventCategory "15"]
[SourceTitle "CBM 187 Extra"]
[Source "ChessBase"]
[SourceDate "2018.11.04"]
[SourceVersion "1"]
[SourceVersionDate "2018.11.04"]
[SourceQuality "1"]

1. e4 g6 2. d4 Bg7 3. Nc3 d6 4. Be3 a6 5. a4 Nf6 6. h3 Nc6 7. Nf3 e6 8. Be2 O-O
9. O-O b6 10. Re1 Bb7 11. d5 exd5 12. exd5 Ne7 13. Bc4 h6 14. Qd3 Re8 15. Rad1
Qd7 16. Qd2 Nf5 17. Bd4 Rxe1+ 18. Rxe1 Re8 19. Be3 Nxe3 20. Rxe3 Rxe3 21. Qxe3
Qe8 22. Qd3 Nd7 23. b3 Nc5 24. Qe2 Kf8 25. Qd2 Ne4 26. Nxe4 Qxe4 27. Kf1 g5 28.
Qe2 Bxd5 29. Bxa6 Qf4 30. Bd3 Bc3 31. Qe3 Qf6 32. Be4 Be6 33. g4 d5 34. Bf5 Ke7
35. Ng1 Qe5 36. Bxe6 fxe6 37. Ne2 Qxe3 38. fxe3 Bd2 39. Kf2 c5 40. Kf3 Kd6 41.
e4 d4 42. Ng3 Bf4 43. Ne2 Bd2 44. Ng3 Bf4 45. e5+ Kxe5 1/2-1/2